000
00323nam a2200109Ia 4500
008
200302s9999 xx 000 0 und d
100
_a
Prasanna Chandra
245
_a
Projects Planning Analysis Selection Financing Implementation and Review
260
_b
Mcgraw- hill International Book co.,
260
_c
2015
300
_a
B1.2
999
_c
5332
_d
5332